000 00660nam a2200241 i 4500
001 bgj
100 1 _aNEUSCHÄFER, Hans-Jorg.
245 1 0 _aDer Naturalismus in Romania /
_cHans-Jorg Neuschäfer.
260 _aWiesbaden :
_bAkademische Verlagsgesellchaft Athenaion,
_c1978.
300 _a98 s. :
_bil. ;
_c18 cm.
490 1 _aAthenaion Studientexte
_v5
504 _aBibliogr. s. [81]-96. Indeks.
650 9 _aLiteratura
830 _aAthenaion Studientexte
020 _a3799706941
040 _cBPK
041 0 _ager
044 _aDEU
080 _a82
920 _a3-7997-0694-1
942 _cKS
008 s gw f |000 0 ger
999 _c50298
_d50298
856 _uhttp://koha.tu.koszalin.pl/cgi-bin/koha/opac-detail.pl?biblionumber=50298
_yKatalog online BPK